Le mois de septembre - Statistiques

Statistiques générales
  • Ce quiz a été pris 22 fois
  • Le résultat moyen est 7 sur 16
Statistiques - réponses
Questions Réponses % Correct
Récolte du raisin pour la production de vin (à consommer avec modération). Dans le sud, elle débute fin août. Au mois de septembre, en principe, cela commence pour la majorité des vignobles français, mais en 2025, la canicule a fait commencer la récolte avec plusieurs semaines d'avance. Les vendanges
100%
Activité qui consiste à traquer des animaux sauvages terrestres dans le but de les tuer ou de les capturer. Le mois de septembre en est le mois de l'ouverture, en France. La chasse
80%
Instant de l'année où le soleil traverse le plan équatorial terrestre, changeant ainsi d'hémisphère céleste. Il a lieu deux fois par an, notamment en date du 22 septembre. L'équinoxe
80%
Mollusque qui constitue un met très populaire en Belgique. Le plat est traditionnellement de saison entre septembre et avril même si à notre époque, on peut en trouver hors saison classique grâce à des cultures sur cordes ou à d'autres sources. Les moules
75%
Déplacement massif et saisonnier d'oiseaux (hirondelles, cigognes, grues, etc.) de zones tempérées vers des contrées plus chaudes. En septembre, ce phénomène bat son plein. La migration
65%
Complexe new-yorkais où a été perpétré un attentat terroriste islamique le 11 septembre 2001. Le World Trade Center
65%
Complétez ces dictons (par le même mot) : « Septembre nous produit le plus délectable des ____ ». « Septembre voit mûrir des ____ savoureux ». Fruits
50%
Archanges célébrés le 29 septembre. Saint Gabriel
40%
Archanges célébrés le 29 septembre. Saint Michel
40%
Paquebot à bord duquel éclata une mutinerie le 11 septembre 1974, suivie d'une grève les 16 et 17 du même mois, alors qu'avait été annoncé son désarmement qui allait directement supprimer 2 500 emplois. Le France
35%
Série d'exécutions sommaires, constituant l'un des sommets de la violence révolutionnaire. Elles se sont déroulées du 2 au 7 septembre 1792 à Paris et dans d'autres villes de France comme à Meaux ou à Orléans : Les "_______ de septembre". Les Massacres de septembre
25%
Titre donné par l'Église catholique à la très sainte Vierge Marie pour illustrer l'angoisse et les souffrances qu'elle ressentait dans la mesure où elle accompagnait son Fils Jésus dans Sa mission rédemptrice : "Notre-Dame des _______" ou en latin "Mater _______" . Le mois de septembre est dédié à ce titre. Notre-Dame des Douleurs / Mater Dolorosa
20%
Archanges célébrés le 29 septembre. Saint Raphaël
20%
Amie très proche de Marie-Antoinette et surintendante de la Maison de la Reine. Elle fut mise à mort par la foule lors des troubles évoqués à la question précédente. Madame de Lamballe
5%
Saint, Père et Docteur de l'Église, fêté le 30 septembre (jour de son décès en 420), connu pour sa traduction de la Bible en latin, la Vulgate. Il est d'ailleurs le saint patron des traducteurs. Saint Jérôme de Stridon
5%
Bataille historique qui s'est déroulée le 13 septembre 1759, victoire décisive de l'Angleterre sur la France, l'Angleterre occupant ensuite la ville de Québec : la bataille des Plaines d'_______. Abraham
0%
Aucun quiz correspondant
Distribution des résultats
% des personnes avec chaque résultat
Percentile par nombre de réponses
Votre historique - résultats
Vous n’avez pas pris ce quiz